Najdziwniejsze skargi do Komisji Etyki Reklamy cz. 2 - Statystyki

Ogólne statystyki
  • Ten quiz został rozwiązany 3 razy
  • Średni wynik to 5 z 10
Statystyki odpowiedzi
Skarga Marka reklamowana % Poprawnych
reklama zmusza go do kupowania więcej w sobotę ze względu na zakaz handlu w niedzielę Lidl
100%
w reklamie konkursu jest błąd ( w rzeczywistości nie ma ) Coca-Cola
50%
szantażuje ludzi że jeśli nie kupią ich produktu będą mieli koszmary Ikea
50%
w reklamie jedzenie leży na ziemi ( śniegu ) Mcdonald's
50%
reklama promuje nieludzkie warunki jako cechę pożądaną Media Markt
50%
dziecko daje w prezencie "alkohol" Paola
50%
firma reklamując nawiew w samochodzie wykorzystuje zjawisko globalnego ocieplenia Peugeot
50%
promuje niszczenie drzew poprzez kamienowanie Play
50%
jedzenie mówi i zachęca do niewierności kobiet Berlinki
0%
oswaja dzieci z rzeczywistością satanistyczną i demoniczną Monster High
0%
Nie znaleziono quizów pasujących do podanych kryteriów
Rozkład punktacji
Procent ludzi z każdym wynikiem
Percentyl według liczby udzielonych odpowiedzi
Twoja historia wyników
Nie rozwiązałeś tego quizu